<The> end of American world order

Salvato in:
Dettagli Bibliografici
Autore principale: Acharya, Amitav
Natura: Libro
Lingua:inglese
Pubblicazione: Cambridge Polity Press 2017
Soggetti:
Tags: Aggiungi Tag
Nessun Tag, puoi essere il primo ad aggiungerne!!

MARC

LEADER 00000nam a2200000 4500
001 0236414
005 20240221112712.8
020 |a 978-0-7456-7248-9 
020 |a 978-0-7456-7247-2 
041 0 |a eng 
044 |a GB 
245 1 0 |a <The> end of American world order  |c Amitav Acharya 
264 1 |a Cambridge  |b Polity Press  |c 2017 
300 |a 157 s. 
610 2 0 |a vzťahy zahraničné 
610 2 0 |a moc politická 
610 2 0 |a vývoj politický 
610 2 0 |a vývoj hospodársky 
610 2 0 |a vývoj spoločenský 
610 2 0 |a regióny 
610 2 0 |a politika medzinárodná 
610 2 0 |a spolupráca medzinárodná 
610 2 0 |a prognózy 
610 2 0 |a história 
610 2 0 |a svet 
610 2 0 |a Amerika 
100 1 |a Acharya, Amitav